01286nam a2200181 a 450000100100000000500170001000800410002704000250006808200250009324500890011825000110020726000330021830000210025150507450027265000360101765000280105370000230108100002472520200930023331.0110127s1968 sp r 000 j spa d aDO-SdBNPbspacBNPHU a808.831bA634m, 196800aAntología de las mejores novelas policíacas /cselección de José A. Llorens. a2a ed. aBarcelona :bAcervo ,c1968. a420 p. ;c20 cm.0 gv.9tMaese Cornelius /rHonorato de BalzactUna cama terriblemente extraña /rWilliam Wilkie CollinstPor falta de pruebas /rWilliam Wilkie CollinstDesapacion /rJoseph Payne BrennantAdiós , Mr. Bliss /rJoseph Payne BrennantHumo /rWilliam FaulknertDeclaro abierta la sesión /rWilliam North JaynetLa zambullida /rRoald DahltUna coartada de dos minutos /rGeorge Harmon CoxetCherchez la frame /rStuart Palmer y Craig RicetUna vez en un tren... /rStuart Palmer y Craig RicetUn asesino refinado /rJack RitchietJustice, Inc. /rRog PhillipstManiático /rFredric BrowntEl ultimo en morir /rEllery QueentCrimen con retorno /rM. A. GuerendiaintLa pulsera /rPaul SartoristLa casualidad vengadora /rAnthony Berkeley 4aNovela policíacaxColecciones 4aLiteraturaxColecciones12aLlorens, José A.